| 000 | 00518nam a22001697a 4500 | ||
|---|---|---|---|
| 003 | BD-DhUL | ||
| 005 | 20190915105302.0 | ||
| 008 | 181017s1976 pk ||||| |||| 00| 0 urd d | ||
| 040 |
_aBD-DhUL _cBD-DhUL |
||
| 082 |
_a953 _bASS |
||
| 100 | 1 | _aعادم، محمد | |
| 245 | 0 | 0 |
_aسفر نامہ ارض القران / _cمحمد عادم |
| 260 |
_aلاہور : _bاسلامک پبلیکیشنز لمیٹڈ، _c۱۹۷۶۔ |
||
| 300 |
_aص۔ ۳۴۸ ؛ _c۲۰ سم۔ |
||
| 650 | 4 | _aArabian peninsula | |
| 942 |
_2ddc _cBK |
||
| 999 |
_c249742 _d249742 |
||